| 000 | 00967nam a22002297a 4500 | ||
|---|---|---|---|
| 003 | OSt | ||
| 005 | 20250904150227.0 | ||
| 008 | 240422b ||||| |||| 00| 0 eng d | ||
| 040 | _c0 | ||
| 082 | _aDPer 621.317 Ie21 November 2022 v. 37 n. 11 | ||
| 100 |
_aLi, Zhongxi. _eauthor. _956502 |
||
| 245 |
_aHigh-definition high-bandwidth DC/AC power conversion through binary asymmetric cascaded H-bridges / _cZhongxi Li and Stefan M. Goetz. |
||
| 260 |
_aNew York ; _bThe Institute of Electrical and Electronics Engineers, Inc. , _cNovember 2022. |
||
| 300 |
_aVolume 37, pages 13060-13069 : _billustration ; _c28 cm. |
||
| 500 | _aIEEE Transactions on Power Electronics, vol. 37, no. 11, pages 13060-13069, November 2022. | ||
| 650 | 0 |
_aControllability. _967152 |
|
| 650 | 0 |
_aScheduling algorithms. _967153 |
|
| 650 | 0 |
_aTechnological innovations. _928995 |
|
| 700 |
_aLi, Zhongxi. _eauthor. _956502 |
||
| 700 |
_aGoetz, Stefan M. _eauthor. _956503 |
||
| 942 |
_2ddc _cPER |
||
| 999 |
_c20124 _d20124 |
||